[Event "Titled Tuesday intern op 06th May Early"]
[Site "Chess.com INT"]
[Date "2025.05.06"]
[Round "1"]
[White "Zieba, Hubert"]
[Black "Mohammed, Zozek Salah Mohamme"]
[Result "1-0"]
[WhiteElo "2233"]
[BlackElo "2205"]
[PlyCount "51"]
[EventDate "2025.05.06"]
[EventType "swiss (blitz)"]
[EventRounds "11"]
[EventCountry "USA"]
[SourceTitle "CB20_2025"]
[SourceDate "2025.05.14"]
[SourceVersion "1"]
[SourceVersionDate "2025.05.14"]
[SourceQuality "1"]

1. d4 d5 2. c4 c6 3. Nf3 Nf6 4. g3 dxc4 5. Bg2 b5 6. 0-0 Bb7 7. Ne5 e6 8. a4 Qb6 9. Nc3 a6 10. b3 cxb3 11. Qxb3 Qxd4 12. Bf4 Nd5 13. Nxd5 exd5 14. e4 Bd6 15. Nxc6 Nxc6 16. Bxd6 dxe4 17. Rfd1 Qc4 18. Qb2 f6 19. Bxe4 Qxe4 20. Re1 Qxe1+ 21. Rxe1+ Kd7 22. axb5 axb5 23. Qxb5 Kxd6 24. Qxb7 Rhe8 25. Rd1+ Kc5 26. Rc1+ 1-0

[Event "Titled Tuesday intern op 14th Jan Early"]
[Site "Chess.com INT"]
[Date "2025.01.14"]
[Round "1"]
[White "Grutter, Tim"]
[Black "Mohammed, Zozek Salah Mohamme"]
[Result "1-0"]
[WhiteElo "2380"]
[BlackElo "2188"]
[PlyCount "81"]
[EventDate "2025.01.14"]
[EventType "swiss (blitz)"]
[EventRounds "11"]
[EventCountry "USA"]
[SourceTitle "CB04_2025"]
[SourceDate "2025.01.22"]
[SourceVersion "1"]
[SourceVersionDate "2025.01.22"]
[SourceQuality "1"]

1. d4 d5 2. c4 Nf6 3. cxd5 c6 4. dxc6 Nxc6 5. Nf3 Bf5 6. Bg5 e6 7. e3 Qb6 8. Qb3 Nb4 9. Na3 a6 10. Be2 Rc8 11. 0-0 Be7 12. Rac1 0-0 13. Ne5 Qd8 14. Bxf6 gxf6 15. Nf3 Bg6 16. Rc4 b5 17. Rxb4 Bxb4 18. Qxb4 Qb6 19. Nc4 Qc7 20. Ncd2 Qc2 21. Qb3 Rc7 22. Bd1 Qd3 23. Re1 a5 24. e4 Qxb3 25. Nxb3 a4 26. Nc5 Rd8 27. b4 f5 28. e5 f4 29. Be2 Bh5 30. Bxb5 Bxf3 31. gxf3 Rxd4 32. a3 Rd2 33. Bxa4 Rc8 34. Bb3 Kf8 35. Bc4 Ke7 36. Rc1 Rg8+ 37. Kf1 Rb2 38. Nd3 Rd2 39. Ke1 Rxd3 40. Bxd3 Ra8 41. Ra1 1-0

[Event "Qatar Masters op-B"]
[Site "Doha"]
[Date "2024.12.04"]
[Round "2"]
[White "Mohammed, Zozek Salah Mohamme"]
[Black "Albin, Sajan"]
[Result "1-0"]
[WhiteElo "2206"]
[BlackElo "1804"]
[PlyCount "73"]
[EventDate "2024.12.03"]
[EventType "swiss"]
[EventRounds "9"]
[EventCountry "QAT"]
[SourceTitle "CB51_2024"]
[SourceDate "2024.12.18"]
[SourceVersion "1"]
[SourceVersionDate "2024.12.18"]
[SourceQuality "1"]

1. d4 d5 2. Nf3 Nf6 3. c4 e6 4. g3 Be7 5. Bg2 0-0 6. 0-0 dxc4 7. Qc2 b5 8. a4 b4 9. Ne5 Nd5 10. Qxc4 a5 11. Rd1 Bb7 12. e4 Nf6 13. Qc2 c6 14. Be3 Qc7 15. Nd2 Na6 16. Nb3 c5 17. Rac1 Rac8 18. Nc4 cxd4 19. Bf4 Qd8 20. Rxd4 Qe8 21. Nbxa5 Nc5 22. Nxb7 Nxb7 23. e5 Nd5 24. Bxd5 exd5 25. Rxd5 Qc6 26. Qd1 Qa6 27. Nd6 Rxc1 28. Qxc1 Na5 29. Qc7 Bd8 30. Qd7 Bb6 31. e6 Qe2 32. exf7+ Kh8 33. Rd2 Bxf2+ 34. Kg2 Qh5 35. Qe7 Rxf7 36. Qe8+ Rf8 37. Qxf8# 1-0

[Event "Olympiad-45"]
[Site "Budapest"]
[Date "2024.09.21"]
[Round "10.2"]
[White "Djabri, Massinas"]
[Black "Mohammed, Zozek Salah Mohamme"]
[Result "1-0"]
[WhiteElo "2280"]
[BlackElo "2180"]
[PlyCount "73"]
[EventDate "2024.09.11"]
[EventType "team-swiss"]
[EventRounds "11"]
[EventCountry "HUN"]
[SourceTitle "EXT 2025"]
[Source "ChessBase"]
[SourceDate "2024.10.14"]
[SourceVersion "1"]
[SourceVersionDate "2024.10.14"]
[SourceQuality "1"]
[WhiteTeam "Algeria"]
[BlackTeam "Iraq"]
[WhiteTeamCountry "ALG"]
[BlackTeamCountry "IRQ"]

1. d4 d5 2. c4 e6 3. Nc3 Nf6 4. Nf3 c5 5. cxd5 Nxd5 6. e4 Nxc3 7. bxc3 cxd4 8. cxd4 Bb4+ 9. Bd2 Bxd2+ 10. Qxd2 0-0 11. Bc4 Nd7 12. 0-0 b6 13. Rfe1 Bb7 14. Rad1 Rc8 15. Bd3 Re8 16. Qf4 Nf8 17. h4 Ng6 18. Qg4 h6 19. d5 exd5 20. e5 Nf8 21. Nd4 Qd7 22. Nf5 g6 23. Nxh6+ Kg7 24. Qg5 Nh7 25. Qf4 Rc5 26. Ng4 Re6 27. Qh6+ Kg8 28. Bf5 gxf5 29. Nf6+ Rxf6 30. exf6 Nxf6 31. Qg5+ Kh7 32. Qxf6 Rc6 33. Qg5 Rg6 34. Re7 Qd6 35. Rxf7+ Kg8 36. Qxf5 Bc8 37. Rf8+ 1-0

[Event "Olympiad-45"]
[Site "Budapest"]
[Date "2024.09.16"]
[Round "6.61"]
[White "Mohammed, Zozek Salah Mohamme"]
[Black "Debblay, David Leroy"]
[Result "1-0"]
[WhiteElo "2180"]
[BlackElo "1904"]
[PlyCount "85"]
[EventDate "2024.09.11"]
[EventType "team-swiss"]
[EventRounds "11"]
[EventCountry "HUN"]
[SourceTitle "EXT 2025"]
[Source "ChessBase"]
[SourceDate "2024.10.14"]
[SourceVersion "1"]
[SourceVersionDate "2024.10.14"]
[SourceQuality "1"]
[WhiteTeam "Iraq"]
[BlackTeam "Liberia"]
[WhiteTeamCountry "IRQ"]
[BlackTeamCountry "LBR"]

1. d4 d5 2. Nf3 Nf6 3. g3 c6 4. Bg2 g6 5. 0-0 Bg7 6. c4 0-0 7. cxd5 cxd5 8. Ne5 Nc6 9. Nxc6 bxc6 10. Nc3 Re8 11. Bf4 Nh5 12. Be3 e5 13. Rc1 exd4 14. Bxd4 Bxd4 15. Qxd4 Qb6 16. Qd2 Ba6 17. Rfd1 Rad8 18. e3 Qa5 19. b3 Nf6 20. Ne4 Qxd2 21. Nxf6+ Kh8 22. Rxd2 Re6 23. Ne4 Bc8 24. Nc5 Red6 25. Rd4 f5 26. Bf1 Kg7 27. Ba6 Kf6 28. Nb7 c5 29. Rxc5 Bxb7 30. Bxb7 Ke5 31. f4+ Ke6 32. a4 h6 33. b4 g5 34. b5 gxf4 35. exf4 h5 36. a5 h4 37. Rcxd5 Rxd5 38. Rxd5 Rg8 39. Rd3 Rg7 40. a6 hxg3 41. hxg3 Rc7 42. b6 axb6 43. a7 1-0

[Event "Titled Tuesday intern op 03rd Sep Early"]
[Site "Chess.com INT"]
[Date "2024.09.03"]
[Round "3"]
[White "Mohammed, Zozek Salah Mohamme"]
[Black "Moldagali, Beksultan"]
[Result "0-1"]
[WhiteElo "2180"]
[BlackElo "2404"]
[PlyCount "70"]
[EventDate "2024.09.03"]
[EventType "swiss (blitz)"]
[EventRounds "11"]
[EventCountry "USA"]
[SourceTitle "EXT 2025"]
[Source "ChessBase"]
[SourceDate "2024.10.14"]
[SourceVersion "1"]
[SourceVersionDate "2024.10.14"]
[SourceQuality "1"]

1. d4 d5 2. Nf3 Nf6 3. g3 e6 4. Bg2 Bd6 5. 0-0 0-0 6. c4 Nc6 7. Nbd2 Re8 8. b3 dxc4 9. Nxc4 Rb8 10. a3 b5 11. Nxd6 cxd6 12. Bg5 Bb7 13. e4 h6 14. Bxf6 Qxf6 15. d5 exd5 16. exd5 Ne7 17. Nd4 Bxd5 18. Bxd5 Nxd5 19. Nc6 Nc3 20. Qd3 Rbc8 21. Nxa7 Ne2+ 22. Kg2 Rc3 23. Qd5 Re5 24. Qa8+ Kh7 25. f3 Nd4 26. Rf2 d5 27. Raf1 Rxb3 28. f4 Rf5 29. Qb7 Qe6 30. h3 Qe4+ 31. Kh2 Nf3+ 32. Rxf3 Rxf3 33. Rxf3 Qxf3 34. Qxb5 Qf2+ 35. Kh1 Qxg3 0-1

[Event "Titled Tuesday intern op 27th Aug Early"]
[Site "Chess.com INT"]
[Date "2024.08.27"]
[Round "4"]
[White "Florescu, Codrut Constantin"]
[Black "Mohammed, Zozek Salah Mohamme"]
[Result "1-0"]
[WhiteElo "2194"]
[BlackElo "2180"]
[PlyCount "89"]
[EventDate "2024.08.27"]
[EventType "swiss (blitz)"]
[EventRounds "11"]
[EventCountry "USA"]
[SourceTitle "EXT 2025"]
[Source "ChessBase"]
[SourceDate "2024.10.14"]
[SourceVersion "1"]
[SourceVersionDate "2024.10.14"]
[SourceQuality "1"]

1. d4 Nf6 2. Nf3 c5 3. d5 d6 4. Nc3 g6 5. e4 Bg7 6. Bb5+ Bd7 7. a4 0-0 8. 0-0 a6 9. Bd3 Bg4 10. h3 Bxf3 11. Qxf3 Nbd7 12. Bf4 Qa5 13. Qe3 Rac8 14. Bh6 Qb4 15. Bxg7 Kxg7 16. a5 Qxb2 17. Na4 Qd4 18. Qxd4 cxd4 19. Rfb1 Rc7 20. Rb4 Nc5 21. Rxd4 Nxd3 22. cxd3 Rfc8 23. Rb4 Nd7 24. f4 Kf6 25. Rab1 Rc1+ 26. Rxc1 Rxc1+ 27. Kf2 Nc5 28. Nxc5 Rxc5 29. Rxb7 Rxa5 30. g4 e5 31. dxe6 Kxe6 32. Rb6 Ke7 33. g5 Ra1 34. f5 gxf5 35. exf5 a5 36. Rb7+ Ke8 37. f6 a4 38. Re7+ Kd8 39. Rxf7 a3 40. Ra7 a2 41. Kg2 Ke8 42. h4 Rd1 43. Rxa2 Rxd3 44. Ra7 h6 45. g6 1-0

[Event "Titled Tuesday intern op 27th Aug Early"]
[Site "Chess.com INT"]
[Date "2024.08.27"]
[Round "10"]
[White "Mohammed, Zozek Salah Mohamme"]
[Black "Al Tarbosh, Ward"]
[Result "1-0"]
[WhiteElo "2180"]
[BlackElo "2242"]
[PlyCount "51"]
[EventDate "2024.08.27"]
[EventType "swiss (blitz)"]
[EventRounds "11"]
[EventCountry "USA"]
[SourceTitle "EXT 2025"]
[Source "ChessBase"]
[SourceDate "2024.10.14"]
[SourceVersion "1"]
[SourceVersionDate "2024.10.14"]
[SourceQuality "1"]

1. d4 Nf6 2. c4 b6 3. f3 Nc6 4. e4 e5 5. d5 Nd4 6. Ne2 Bc5 7. Nbc3 Nh5 8. Nxd4 Bxd4 9. Ne2 Bc5 10. Qd3 0-0 11. Be3 d6 12. Bxc5 bxc5 13. Qe3 f5 14. exf5 Bxf5 15. g4 Qh4+ 16. Kd2 Rab8 17. b3 Bxg4 18. fxg4 Qxg4 19. Bh3 Qh4 20. Be6+ Kh8 21. Raf1 Nf4 22. Nxf4 exf4 23. Qc3 f3 24. Rhg1 Qxh2+ 25. Kc1 Qg2 26. Bh3 1-0

[Event "Titled Tuesday intern op 06th Aug Early"]
[Site "Chess.com INT"]
[Date "2024.08.06"]
[Round "1"]
[White "Cahaya, Satria Duta"]
[Black "Mohammed, Zozek Salah Mohamme"]
[Result "1-0"]
[WhiteElo "2219"]
[BlackElo "2180"]
[PlyCount "113"]
[EventDate "2024.08.06"]
[EventType "swiss (blitz)"]
[EventRounds "11"]
[EventCountry "USA"]
[SourceTitle "EXT 2025"]
[Source "ChessBase"]
[SourceDate "2024.10.14"]
[SourceVersion "1"]
[SourceVersionDate "2024.10.14"]
[SourceQuality "1"]

1. d4 Nf6 2. Bf4 c5 3. d5 d6 4. Nc3 g6 5. e4 Bg7 6. Nf3 0-0 7. a4 a6 8. Be2 Bg4 9. Nd2 Bxe2 10. Qxe2 Nbd7 11. 0-0 Rb8 12. a5 b5 13. axb6 Qxb6 14. Nc4 Qb4 15. Rxa6 Nb6 16. Nxb6 Rxb6 17. Ra2 Rfb8 18. Bc1 Qd4 19. Kh1 Nd7 20. f4 Bh6 21. Ra7 R6b7 22. Qa6 Qb4 23. Rxb7 Rxb7 24. Qc6 Nf8 25. Qe8 Qc4 26. Re1 Qb4 27. Qc8 Rb8 28. Qh3 Bg7 29. e5 Qd4 30. Re4 dxe5 31. Rxd4 exd4 32. Ne4 c4 33. b3 Ra8 34. g3 Ra1 35. bxc4 Rxc1+ 36. Kg2 Rxc2+ 37. Kf3 Rxc4 38. Qf1 Rc3+ 39. Nxc3 dxc3 40. Qc4 h6 41. Qc7 Bf6 42. g4 Kg7 43. Ke4 Nh7 44. Qc8 Nf8 45. h3 Nh7 46. Kf3 Nf8 47. Kg3 Nh7 48. h4 g5 49. fxg5 hxg5 50. h5 Kh6 51. Kf3 Kg7 52. Ke4 Nf8 53. Kf5 e6+ 54. dxe6 Nxe6 55. h6+ Kxh6 56. Kxf6 Ng7 57. Qh8# 1-0

[Event "Titled Tuesday intern op 06th Aug Early"]
[Site "Chess.com INT"]
[Date "2024.08.06"]
[Round "2"]
[White "Mohammed, Zozek Salah Mohamme"]
[Black "Korchynskyi, Mykola"]
[Result "0-1"]
[WhiteElo "2180"]
[BlackElo "2312"]
[PlyCount "134"]
[EventDate "2024.08.06"]
[EventType "swiss (blitz)"]
[EventRounds "11"]
[EventCountry "USA"]
[SourceTitle "EXT 2025"]
[Source "ChessBase"]
[SourceDate "2024.10.14"]
[SourceVersion "1"]
[SourceVersionDate "2024.10.14"]
[SourceQuality "1"]

1. d4 d5 2. c4 e6 3. Nf3 Nf6 4. g3 Be7 5. Bg2 0-0 6. 0-0 b6 7. cxd5 exd5 8. Nc3 Bb7 9. Ne5 c6 10. Bf4 Nbd7 11. Qd2 Rc8 12. Rac1 Re8 13. Bh3 Ra8 14. Bg5 Nxe5 15. dxe5 Nd7 16. Bxe7 Qxe7 17. f4 Rad8 18. e3 Nf8 19. Bg2 f6 20. exf6 Qxf6 21. Rfe1 Ne6 22. Ne2 Nc5 23. Nd4 Ne4 24. Bxe4 Rxe4 25. Rc3 c5 26. Nf3 d4 27. exd4 Rxe1+ 28. Qxe1 Bxf3 29. Rxf3 Qxd4+ 30. Qf2 Qd1+ 31. Qf1 Qc2 32. Rf2 Qa4 33. b3 Qd4 34. Qc4+ Qxc4 35. bxc4 Rd4 36. Rc2 Kf7 37. Kf2 Rd3 38. Ke2 Ra3 39. Rd2 Ke6 40. Rc2 Kf5 41. Kf2 Ke4 42. Re2+ Kd4 43. Re7 Rxa2+ 44. Kf3 Kxc4 45. Rxg7 Kb3 46. f5 c4 47. f6 Ra1 48. Kf2 Ra5 49. g4 Ra2+ 50. Kf3 Ra1 51. Kf2 c3 52. f7 c2 53. f8Q c1Q 54. Qf3+ Qc3 55. Qxc3+ Kxc3 56. Rxh7 b5 57. g5 b4 58. g6 Ra6 59. Rc7+ Kd3 60. g7 Rg6 61. Rxa7 b3 62. Rb7 Kc2 63. h4 b2 64. h5 Rxg7 65. Rxg7 b1Q 66. Rc7+ Kd3 67. Rc5 Qb6 0-1

[Event "Titled Tuesday intern op 11th Jun Early"]
[Site "Chess.com INT"]
[Date "2024.06.11"]
[Round "6"]
[White "Chitre, Arush"]
[Black "Mohammed, Zozek Salah Mohamme"]
[Result "1-0"]
[WhiteElo "2235"]
[BlackElo "2182"]
[PlyCount "49"]
[EventDate "2024.06.11"]
[EventType "swiss (blitz)"]
[EventRounds "11"]
[EventCountry "USA"]
[SourceTitle "EXT 2025"]
[Source "ChessBase"]
[SourceDate "2024.10.14"]
[SourceVersion "1"]
[SourceVersionDate "2024.10.14"]
[SourceQuality "1"]

1. d4 Nf6 2. Bf4 c5 3. e3 g6 4. c3 Bg7 5. Nd2 0-0 6. h3 Nc6 7. Ngf3 d6 8. Be2 Re8 9. 0-0 e5 10. dxe5 dxe5 11. Bh2 e4 12. Ne1 Ne5 13. Qc2 Bf5 14. Rd1 Qe7 15. Bxe5 Qxe5 16. Nc4 Qe6 17. Nd6 Bxh3 18. Nxe8 Rxe8 19. gxh3 Qxh3 20. Ng2 Re5 21. f4 exf3 22. Rxf3 Qh6 23. Rd8+ Ne8 24. Qb3 Re6 25. Rxe8+ 1-0

[Event "Titled Tuesday intern op 04th Jun Early"]
[Site "Chess.com INT"]
[Date "2024.06.04"]
[Round "2"]
[White "Hua, Lefong"]
[Black "Mohammed, Zozek Salah Mohamme"]
[Result "1-0"]
[WhiteElo "2305"]
[BlackElo "2182"]
[PlyCount "53"]
[EventDate "2024.06.04"]
[EventType "swiss (blitz)"]
[EventRounds "11"]
[EventCountry "USA"]
[SourceTitle "EXT 2025"]
[Source "ChessBase"]
[SourceDate "2024.10.14"]
[SourceVersion "1"]
[SourceVersionDate "2024.10.14"]
[SourceQuality "1"]

1. d4 Nf6 2. c4 c5 3. d5 b5 4. cxb5 a6 5. b6 Qxb6 6. Nc3 g6 7. a4 Bg7 8. a5 Qc7 9. e4 d6 10. Bc4 0-0 11. Qd3 Nbd7 12. f4 Bb7 13. Nf3 Rfe8 14. 0-0 h6 15. Ra2 Kh7 16. b3 e6 17. dxe6 fxe6 18. Bd2 Rad8 19. f5 exf5 20. exf5 g5 21. Nxg5+ hxg5 22. Qh3+ Bh6 23. Bxg5 Ng8 24. Bxg8+ Kxg8 25. Qxh6 Ne5 26. Bxd8 Qxd8 27. f6 1-0

[Event "Titled Tuesday intern op 04th Jun Early"]
[Site "Chess.com INT"]
[Date "2024.06.04"]
[Round "3"]
[White "Mohammed, Zozek Salah Mohamme"]
[Black "Horobetz, Graham"]
[Result "1-0"]
[WhiteElo "2182"]
[BlackElo "2266"]
[PlyCount "63"]
[EventDate "2024.06.04"]
[EventType "swiss (blitz)"]
[EventRounds "11"]
[EventCountry "USA"]
[SourceTitle "EXT 2025"]
[Source "ChessBase"]
[SourceDate "2024.10.14"]
[SourceVersion "1"]
[SourceVersionDate "2024.10.14"]
[SourceQuality "1"]

1. d4 Nf6 2. Nf3 d5 3. g3 e6 4. Bg2 c5 5. 0-0 Nc6 6. c4 dxc4 7. Qa4 Bd7 8. Qxc4 cxd4 9. Nxd4 Rc8 10. Nc3 Nxd4 11. Qxd4 Bc5 12. Qh4 Bc6 13. Bg5 Bxg2 14. Kxg2 Be7 15. Rfd1 Qb6 16. Qa4+ Qc6+ 17. Qxc6+ Rxc6 18. Rac1 a6 19. Na4 Rxc1 20. Rxc1 Bd8 21. Nc5 h6 22. Bxf6 Bxf6 23. Nxb7 0-0 24. b3 a5 25. Nxa5 Ra8 26. b4 Bb2 27. Rb1 Ba3 28. Nc6 Kf8 29. b5 Bd6 30. b6 Rc8 31. Rc1 Ke8 32. b7 1-0

[Event "Titled Tuesday intern op 28th May Early"]
[Site "Chess.com INT"]
[Date "2024.05.28"]
[Round "2"]
[White "Subelj, Jan"]
[Black "Mohammed, Zozek Salah Mohamme"]
[Result "1-0"]
[WhiteElo "2511"]
[BlackElo "2171"]
[PlyCount "51"]
[EventDate "2024.05.28"]
[EventType "swiss (blitz)"]
[EventRounds "11"]
[EventCountry "USA"]
[SourceTitle "EXT 2025"]
[Source "ChessBase"]
[SourceDate "2024.10.14"]
[SourceVersion "1"]
[SourceVersionDate "2024.10.14"]
[SourceQuality "1"]

1. b3 d5 2. Bb2 c5 3. Nf3 Nf6 4. e3 g6 5. c4 Bg7 6. cxd5 0-0 7. Be2 Nxd5 8. Bxg7 Kxg7 9. Qc2 b6 10. 0-0 Bb7 11. d4 Nd7 12. e4 Nf4 13. d5 Nxe2+ 14. Qxe2 a5 15. Nc3 Ba6 16. Nb5 Nf6 17. a4 Qd7 18. Ne5 Bxb5 19. axb5 Qc7 20. Nc6 e6 21. d6 Qd7 22. Rfd1 Kg8 23. Qf3 Ne8 24. e5 h6 25. Ne7+ Kh7 26. Qxa8 1-0

[Event "Titled Tuesday intern op 09th Jan Late"]
[Site "Chess.com INT"]
[Date "2024.01.09"]
[Round "1"]
[White "Mohammed, Zozek Salah Mohamme"]
[Black "Korchmar, Vasiliy"]
[Result "0-1"]
[WhiteElo "2162"]
[BlackElo "2438"]
[PlyCount "84"]
[EventDate "2024.01.09"]
[EventType "swiss (blitz)"]
[EventRounds "11"]
[EventCountry "USA"]
[SourceTitle "EXT 2025"]
[Source "ChessBase"]
[SourceDate "2024.10.14"]
[SourceVersion "1"]
[SourceVersionDate "2024.10.14"]
[SourceQuality "1"]

1. d4 d5 2. Nf3 Nf6 3. g3 Bg4 4. Bg2 Nbd7 5. 0-0 e6 6. c4 c6 7. cxd5 exd5 8. Nc3 Bd6 9. h3 Bf5 10. Bg5 h6 11. Bxf6 Nxf6 12. Ne5 0-0 13. Qb3 Rb8 14. Rfe1 Re8 15. e4 Be6 16. exd5 cxd5 17. f4 Ne4 18. Nxe4 dxe4 19. Qe3 f6 20. Ng4 Bc7 21. Kh2 Bb6 22. Rad1 Qd7 23. Nf2 f5 24. Qe2 Bxa2 25. d5 Bxd5 26. Nxe4 fxe4 27. Bxe4 Rxe4 28. Qxe4 Bxe4 29. Rxd7 Bc6 30. Rde7 Rd8 31. R1e2 Bd4 32. g4 Bf6 33. R7e3 a5 34. Kg3 Bd4 35. Re7 Bc5 36. R7e6 Rd3+ 37. Kh4 Bd4 38. g5 hxg5+ 39. Kxg5 Rg3+ 40. Kh4 Rg1 41. f5 Bf6+ 42. Kh5 Bf3# 0-1